LEADER 01254nam 2200361Ia 450 001 996386557003316 005 20221108041608.0 035 $a(CKB)1000000000613496 035 $a(EEBO)2240953152 035 $a(OCoLC)12369033 035 $a(EXLCZ)991000000000613496 100 $a19850809d1689 uy | 101 0 $aeng 135 $aurbn||||a|bb| 200 12$aA letter to the author of the late Letter out of the countrey, occasioned by a former Letter to a member of the House of Commons$b[electronic resource] $econcerning the Bishops lately in the Tower, and now under suspension 210 $a[London $cs.n.$d1689?] 215 $a8 p 300 $aReproduction of original in Huntington Library. 300 $aAttributed to Thomas Wagstaffe. cf. NUC pre-1956. 300 $aCaption title. 330 $aeebo-0113 606 $aNonjurors 615 0$aNonjurors. 700 $aWagstaffe$b Thomas$f1645-1712.$0845469 801 0$bEAA 801 1$bEAA 801 2$bm/c 801 2$bUMI 801 2$bWaOLN 906 $aBOOK 912 $a996386557003316 996 $aA letter to the author of the late Letter out of the countrey, occasioned by a former Letter to a member of the House of Commons$92417138 997 $aUNISA